[Event "LTU-ch Women 2020"]
[Site "Vilnius"]
[Date "2020.11.23"]
[Round "5.3"]
[White "Sulikiene, Kristina"]
[Black "Ravlusevic, Evelina"]
[Result "0-1"]
[WhiteElo "1892"]
[BlackElo "1581"]
[Annotator "NA"]
[PlyCount "96"]
[EventDate "2020.11.20"]
[EventType "swiss"]
[EventCountry "LTU"]
[SourceTitle "playchess.com"]
[Source "ChessBase"]
[SourceQuality "1"]
[TimeControl "40/5400+30:1800+30"]

1. e4 {[%emt 0:00:00]} c5 {[%emt 0:00:00]} 2. Nc3 {[%emt 0:00:00]} e6 {[%emt 0:00:16]} 3. g3 {[%emt 0:00:00]} Nc6 {[%emt 0:00:14]} 4. Bg2 {[%emt 0:00:36]} Nf6 {[%emt 0:02:46]} 5. d3 {[%emt 0:01:31]} d5 {[%emt 0:02:48]} 6. Bg5 {[%emt 0:01:40]} d4 {[%emt 0:00:33]} 7. Nce2 {[%emt 0:00:44]} Be7 {[%emt 0:00:48]} 8. Nf3 {[%emt 0:03:09]} e5 {[%emt 0:00:21]} 9. O-O {[%emt 0:01:34]} O-O {[%emt 0:00:20]} 10. h3 {[%emt 0:00:30]} Ne8 {[%emt 0:01:33]} 11. Bxe7 {[%emt 0:03:22]} Qxe7 {[%emt 0:00:14]} 12. Kh2 {[%emt 0:03:53]} Nd6 {[%emt 0:00:24]} 13. g4 {[%emt 0:07:18]} c4 {[%emt 0:05:15]} 14. Ng3 {[%emt 0:04:13]} g6 {[%emt 0:08:11]} 15. Qd2 {[%emt 0:06:00]} cxd3 {[%emt 0:07:34]} 16. cxd3 {[%emt 0:02:06]} a5 {[%emt 0:01:00]} 17. Qh6 {[%emt 0:04:47]} Ra6 {[%emt 0:06:28]} 18. Rg1 {[%emt 0:08:00]} Rb6 {[%emt 0:03:30]} 19. b3 {[%emt 0:06:11]} a4 {[%emt 0:03:06]} 20. Bf1 {[%emt 0:10:17]} f6 {[%emt 0:04:03]} 21. Rb1 {[%emt 0:09:56]} axb3 {[%emt 0:01:03]} 22. axb3 {[%emt 0:01:09]} Be6 {[%emt 0:00:57]} 23. Nf5 {[%emt 0:01:07]} Bxf5 {[%emt 0:07:36]} 24. gxf5 {[%emt 0:01:28]} Qg7 {[%emt 0:03:36]} 25. Qd2 {[%emt 0:02:08]} Kf7 {[%emt 0:06:49]} 26. b4 {[%emt 0:00:35]} Ke7 {[%emt 0:03:01]} 27. fxg6 {[%emt 0:02:23]} hxg6 {[%emt 0:00:35]} 28. Nh4 {[%emt 0:00:06]} g5 {[%emt 0:00:52]} 29. b5 {[%emt 0:00:06]} Qh7 {[%emt 0:06:57]} 30. Nf5+ {[%emt 0:03:38]} Nxf5 {[%emt 0:00:39]} 31. exf5 {[%emt 0:00:04]} Qxf5 {[%emt 0:07:20]} 32. Qc2 {[%emt 0:00:51]} Nb8 {[%emt 0:03:01]} 33. Qc7+ {[%emt 0:04:00]} Nd7 {[%emt 0:00:14]} 34. Rb2 {[%emt 0:05:44]} Rh8 {[%emt 0:01:15]} 35. f3 {[%emt 0:03:02]} Qxf3 {[%emt 0:05:26]} 36. Qc1 {[%emt 0:00:11]} Qf4+ {[%emt 0:00:42]} 37. Qxf4 {[%emt 0:00:06]} gxf4 {[%emt 0:00:24]} 38. Rg7+ {[%emt 0:00:15]} Ke6 {[%emt 0:00:50]} 39. Be2 {[%emt 0:01:42]} f5 {[%emt 0:01:21]} 40. Bf3 {[%emt 0:00:16]} Nf6 {[%emt 0:02:06]} 41. Rg6 {[%emt 0:09:47]} Kf7 {[%emt 0:03:58]} 42. Rbg2 {[%emt 0:02:56]} Ng4+ {[%emt 0:01:03]} 43. R6xg4 {[%emt 0:00:23]} fxg4 {[%emt 0:00:23]} 44. Bxg4 {[%emt 0:00:50]} Rxb5 {[%emt 0:00:39]} 45. Rc2 {[%emt 0:00:29]} Kf6 {[%emt 0:00:28]} 46. Kg2 {[%emt 0:00:21]} Ra8 {[%emt 0:00:22]} 47. Kf2 {[%emt 0:02:24]} Ra3 {[%emt 0:00:16]} 48. Rd2 {[%emt 0:02:30]} Rbb3 {[%emt 0:00:43]} 0-1

[Event "LTU-ch Women 2020"]
[Site "Vilnius"]
[Date "2020.11.23"]
[Round "5.4"]
[White "Maciulaityte, Barbora"]
[Black "Perminaite, Guoda"]
[Result "1-0"]
[WhiteElo "1696"]
[BlackElo "1757"]
[Annotator "NA"]
[PlyCount "113"]
[EventDate "2020.11.20"]
[EventType "swiss"]
[EventCountry "LTU"]
[SourceTitle "playchess.com"]
[Source "ChessBase"]
[SourceQuality "1"]
[TimeControl "40/5400+30:1800+30"]

1. e4 {[%emt 0:00:23]} e5 {[%emt 0:00:05]} 2. Nf3 {[%emt 0:00:07]} Nc6 {[%emt 0:00:26]} 3. Bb5 {[%emt 0:00:09]} a6 {[%emt 0:00:26]} 4. Ba4 {[%emt 0:00:06]} d6 {[%emt 0:00:55]} 5. c3 {[%emt 0:00:12]} Bd7 {[%emt 0:00:07]} 6. d4 {[%emt 0:00:14]} g6 {[%emt 0:00:18]} 7. O-O {[%emt 0:00:12]} Bg7 {[%emt 0:00:08]} 8. Be3 {[%emt 0:00:11]} Nge7 {[%emt 0:00:52]} 9. Nbd2 {[%emt 0:01:48]} h6 {[%emt 0:00:54]} 10. Rc1 {[%emt 0:21:07]} O-O {[%emt 0:01:35]} 11. h3 {[%emt 0:00:42]} b5 {[%emt 0:04:12]} 12. Bb3 {[%emt 0:02:11]} Kh7 {[%emt 0:00:39]} 13. Re1 {[%emt 0:08:08]} f5 {[%emt 0:02:26]} 14. dxe5 {[%emt 0:02:19]} dxe5 {[%emt 0:06:31]} 15. Bc5 {[%emt 0:07:06]} f4 {[%emt 0:02:23]} 16. Bd5 {[%emt 0:04:04]} Rb8 {[%emt 0:04:31]} 17. a4 {[%emt 0:07:14]} Rf6 {[%emt 0:03:35]} 18. axb5 {[%emt 0:03:52]} axb5 {[%emt 0:02:53]} 19. Ra1 {[%emt 0:01:52]} g5 {[%emt 0:00:58]} 20. Qc2 {[%emt 0:02:05]} Qe8 {[%emt 0:11:32]} 21. Nh2 {[%emt 0:05:17]} Qg6 {[%emt 0:03:26]} 22. Bxc6 {[%emt 0:04:24]} Nxc6 {[%emt 0:00:28]} 23. Qd3 {[%emt 0:01:33]} Qf7 {[%emt 0:06:08]} 24. Ndf3 {[%emt 0:04:46]} Rg6 {[%emt 0:07:25]} 25. Red1 {[%emt 0:01:57]} Be6 {[%emt 0:01:26]} 26. Ra6 {[%emt 0:02:20]} Qe8 {[%emt 0:01:37]} 27. Rda1 {[%emt 0:04:29]} Bc4 {[%emt 0:11:11]} 28. Qc2 {[%emt 0:01:55]} Qg8 {[%emt 0:08:52]} 29. Nd2 {[%emt 0:02:42]} Bf7 {[%emt 0:02:27]} 30. Nhf3 {[%emt 0:01:12]} Qe8 {[%emt 0:01:57]} 31. b4 {[%emt 0:03:43]} Bf6 {[%emt 0:02:55]} 32. Nh2 {[%emt 0:02:16]} h5 {[%emt 0:00:42]} 33. Kf1 {[%emt 0:01:22]} Qd7 {[%emt 0:03:49]} 34. Ra8 {[%emt 0:01:00]} Rxa8 35. Rxa8 {[%emt 0:00:05]} g4 {[%emt 0:02:10]} 36. Qd1 {[%emt 0:02:54]} Bc4+ {[%emt 0:05:58]} 37. Ke1 {[%emt 0:00:40]} gxh3 {[%emt 0:00:45]} 38. Qxh5+ {[%emt 0:01:23]} Rh6 {[%emt 0:01:00]} 39. Qf3 {[%emt 0:00:49]} hxg2 {[%emt 0:00:46]} 40. Qxg2 {[%emt 0:00:02]} Qh3 {[%emt 0:00:58]} 41. Qxh3 {[%emt 0:04:04]} Rxh3 {[%emt 0:00:07]} 42. Nxc4 {[%emt 0:00:44]} bxc4 {[%emt 0:00:46]} 43. Ng4 {[%emt 0:00:30]} Bg7 {[%emt 0:07:34]} 44. b5 {[%emt 0:01:55]} Nd4 {[%emt 0:06:47]} 45. cxd4 {[%emt 0:01:08]} exd4 {[%emt 0:00:01]} 46. e5 {[%emt 0:05:12]} d3 {[%emt 0:05:41]} 47. Kd2 {[%emt 0:04:04]} Kg6 {[%emt 0:01:01]} 48. Rg8 {[%emt 0:06:26]} Kf7 {[%emt 0:01:09]} 49. Rc8 {[%emt 0:00:32]} Rh4 {[%emt 0:02:52]} 50. Rxc7+ {[%emt 0:01:17]} Kg6 {[%emt 0:00:06]} 51. f3 {[%emt 0:03:06]} Rh5 {[%emt 0:00:44]} 52. Rc6+ {[%emt 0:01:00]} Kf5 {[%emt 0:01:01]} 53. e6 {[%emt 0:04:44]} Rh1 {[%emt 0:01:19]} 54. Bb4 {[%emt 0:01:46]} Ra1 {[%emt 0:01:23]} 55. Rxc4 {[%emt 0:00:10]} Kxe6 {[%emt 0:00:20]} 56. Kxd3 {[%emt 0:00:06]} Rd1+ {[%emt 0:06:20]} 57. Ke4 {[%emt 0:00:27]} 1-0

[Event "LTU-ch Women 2020"]
[Site "Vilnius"]
[Date "2020.11.23"]
[Round "5.5"]
[White "Plutaite, Ausra"]
[Black "Sitkauskaite, Ieva"]
[Result "1-0"]
[WhiteElo "1400"]
[BlackElo "1367"]
[Annotator "NA"]
[PlyCount "79"]
[EventDate "2020.11.20"]
[EventType "swiss"]
[EventCountry "LTU"]
[SourceTitle "playchess.com"]
[Source "ChessBase"]
[SourceQuality "1"]
[TimeControl "40/5400+30:1800+30"]

1. e4 {[%emt 0:00:06]} c5 {[%emt 0:00:00]} 2. Nc3 {[%emt 0:00:05]} e6 {[%emt 0:00:07]} 3. f4 {[%emt 0:00:09]} d5 {[%emt 0:01:23]} 4. Nf3 {[%emt 0:00:07]} Nf6 {[%emt 0:01:31]} 5. Bb5+ {[%emt 0:00:45]} Nc6 {[%emt 0:01:09]} 6. Bxc6+ {[%emt 0:00:09]} bxc6 {[%emt 0:00:10]} 7. e5 {[%emt 0:00:02]} Nd7 {[%emt 0:00:54]} 8. d3 {[%emt 0:00:22]} Be7 {[%emt 0:06:05]} 9. O-O {[%emt 0:00:19]} O-O {[%emt 0:01:50]} 10. Re1 {[%emt 0:01:07]} Qb6 {[%emt 0:04:50]} 11. Qe2 {[%emt 0:04:40]} c4+ {[%emt 0:10:06]} 12. d4 {[%emt 0:00:10]} c5 {[%emt 0:01:46]} 13. Be3 {[%emt 0:00:27]} Qxb2 {[%emt 0:05:09]} 14. Na4 {[%emt 0:00:30]} Qb4 {[%emt 0:03:44]} 15. Nxc5 {[%emt 0:00:07]} Nxc5 {[%emt 0:02:06]} 16. dxc5 {[%emt 0:00:11]} Bxc5 {[%emt 0:02:54]} 17. Kh1 {[%emt 0:00:43]} Be7 {[%emt 0:06:38]} 18. Nd4 {[%emt 0:03:48]} Qb7 {[%emt 0:05:35]} 19. c3 {[%emt 0:00:58]} Bd7 {[%emt 0:02:50]} 20. Bf2 {[%emt 0:00:53]} Rab8 {[%emt 0:04:31]} 21. f5 {[%emt 0:01:07]} exf5 {[%emt 0:09:47]} 22. e6 {[%emt 0:00:13]} fxe6 {[%emt 0:02:02]} 23. Nxe6 {[%emt 0:00:08]} Rf7 {[%emt 0:01:02]} 24. Bg3 {[%emt 0:04:19]} Rc8 {[%emt 0:03:11]} 25. Rab1 {[%emt 0:00:44]} Qa6 {[%emt 0:05:55]} 26. Nc7 {[%emt 0:05:26]} Qc6 {[%emt 0:02:53]} 27. Nb5 {[%emt 0:00:15]} Bc5 {[%emt 0:02:32]} 28. Bf2 {[%emt 0:05:18]} Re8 {[%emt 0:05:03]} 29. Qd2 {[%emt 0:00:25]} Rxe1+ {[%emt 0:01:19]} 30. Qxe1 {[%emt 0:00:05]} Bxf2 {[%emt 0:00:52]} 31. Qxf2 {[%emt 0:00:08]} a6 {[%emt 0:00:30]} 32. Nd4 {[%emt 0:00:31]} Qf6 {[%emt 0:01:08]} 33. Rb8+ {[%emt 0:06:53]} Rf8 {[%emt 0:00:12]} 34. Rxf8+ {[%emt 0:00:13]} Kxf8 {[%emt 0:01:16]} 35. h3 {[%emt 0:02:25]} Kf7 {[%emt 0:02:19]} 36. Qf4 {[%emt 0:04:12]} g6 {[%emt 0:01:29]} 37. Qc7 {[%emt 0:07:04]} Qe7 {[%emt 0:00:54]} 38. Nf3 {[%emt 0:00:09]} Bb5 {[%emt 0:01:08]} 39. Qb6 {[%emt 0:01:58]} Qe6 {[%emt 0:01:30]} 40. Ng5+ {[%emt 0:00:06]} 1-0

[Event "LTU-ch Women 2020"]
[Site "Vilnius"]
[Date "2020.11.24"]
[Round "6.1"]
[White "Sibajeva, Marija"]
[Black "Bajoraite, Rita"]
[Result "1-0"]
[WhiteElo "1910"]
[BlackElo "1741"]
[Annotator "ChessBase"]
[PlyCount "87"]
[EventDate "2020.11.20"]
[EventType "swiss"]
[EventCountry "LTU"]
[SourceTitle "playchess.com"]
[Source "ChessBase"]
[SourceQuality "1"]
[TimeControl "40/5400+30:1800+30"]

1. e4 {[%emt 0:00:00]} d6 {[%emt 0:00:03]} 2. d4 {[%emt 0:00:00]} g6 {[%emt 0:00:14]} 3. Nc3 {[%emt 0:00:00]} Bg7 {[%emt 0:00:23]} 4. Be3 {[%emt 0:00:00]} Nd7 {[%emt 0:01:20]} 5. Qd2 {[%emt 0:00:02]} e5 {[%emt 0:00:38]} 6. Nf3 {[%emt 0:01:13]} exd4 {[%emt 0:03:03]} 7. Nxd4 {[%emt 0:01:54]} Ngf6 {[%emt 0:02:06]} 8. O-O-O {[%emt 0:00:33]} Ne5 {[%emt 0:05:30]} 9. h3 {[%emt 0:01:26]} Be6 {[%emt 0:04:13]} 10. Nxe6 {[%emt 0:02:27]} fxe6 {[%emt 0:00:09]} 11. f4 {[%emt 0:01:47]} Nc6 {[%emt 0:08:10]} 12. Bc4 {[%emt 0:05:36]} Qe7 {[%emt 0:01:21]} 13. Rhe1 {[%emt 0:09:39]} O-O-O {[%emt 0:21:54]} 14. Bb5 {[%emt 0:01:48]} Nb8 {[%emt 0:07:29]} 15. Bxa7 {[%emt 0:03:42]} c6 {[%emt 0:07:27]} 16. Bf1 {[%emt 0:10:26]} d5 {[%emt 0:05:24]} 17. Bb6 {[%emt 0:04:50]} Rd7 {[%emt 0:09:03]} 18. e5 {[%emt 0:01:11]} Ne4 {[%emt 0:02:29]} 19. Nxe4 {[%emt 0:01:40]} dxe4 {[%emt 0:00:02]} 20. Qe3 {[%emt 0:09:32]} Qb4 {[%emt 0:02:52]} 21. a3 {[%emt 0:02:43]} Qa4 {[%emt 0:03:11]} 22. Qxe4 {[%emt 0:01:59]} Rxd1+ {[%emt 0:00:41]} 23. Kxd1 {[%emt 0:00:07]} Qxe4 {[%emt 0:00:17]} 24. Rxe4 {[%emt 0:00:04]} Nd7 {[%emt 0:01:05]} 25. Be3 {[%emt 0:00:20]} b5 {[%emt 0:04:17]} 26. Rd4 {[%emt 0:02:02]} Bh6 {[%emt 0:01:46]} 27. Rd6 {[%emt 0:01:29]} Nxe5 {[%emt 0:01:51]} 28. Rxe6 {[%emt 0:05:29]} Rd8+ {[%emt 0:00:53]} 29. Ke1 {[%emt 0:00:46]} Rd5 {[%emt 0:01:09]} 30. Kf2 {[%emt 0:02:37]} Nf7 {[%emt 0:01:56]} 31. Rxc6+ {[%emt 0:00:04]} Kd7 {[%emt 0:00:11]} 32. Rc5 {[%emt 0:01:01]} Rxc5 {[%emt 0:01:21]} 33. Bxc5 {[%emt 0:00:05]} Kc6 {[%emt 0:00:34]} 34. Be3 {[%emt 0:00:04]} Nd6 {[%emt 0:01:06]} 35. Bd3 {[%emt 0:00:00]} Kd5 {[%emt 0:01:07]} 36. b3 {[%emt 0:00:31]} Bg7 {[%emt 0:00:37]} 37. Bxb5 {[%emt 0:02:14]} Nxb5 {[%emt 0:00:31]} 38. c4+ {[%emt 0:00:17]} Kc6 {[%emt 0:00:07]} 39. cxb5+ {[%emt 0:00:03]} Kxb5 {[%emt 0:00:04]} 40. Bd2 {[%emt 0:00:19]} Bf8 {[%emt 0:01:29]} 41. a4+ {[%emt 0:30:10]} Kc5 {[%emt 0:30:17]} 42. b4+ {[%emt 0:00:08]} Kc4 {[%emt 0:00:55]} 43. a5 {[%emt 0:00:14]} Kb5 {[%emt 0:00:00]} 44. Kf3 {[%emt 0:00:00]} 1-0

[Event "LTU-ch Women 2020"]
[Site "Vilnius"]
[Date "2020.11.24"]
[Round "6.2"]
[White "Plutaite, Ausra"]
[Black "Baginskaite, Kamile"]
[Result "0-1"]
[WhiteElo "1400"]
[BlackElo "2141"]
[Annotator "ChessBase"]
[PlyCount "98"]
[EventDate "2020.11.20"]
[EventType "swiss"]
[EventCountry "LTU"]
[SourceTitle "playchess.com"]
[Source "ChessBase"]
[SourceQuality "1"]
[TimeControl "40/5400+30:1800+30"]

1. e4 {[%emt 0:00:00]} c5 {[%emt 0:00:00]} 2. d4 {[%emt 0:00:00]} cxd4 {[%emt 0:00:08]} 3. c3 {[%emt 0:00:00]} dxc3 {[%emt 0:00:38]} 4. Nxc3 {[%emt 0:00:06]} Nc6 {[%emt 0:00:24]} 5. Nf3 {[%emt 0:00:23]} d6 {[%emt 0:00:31]} 6. Bc4 {[%emt 0:00:22]} a6 {[%emt 0:00:08]} 7. O-O {[%emt 0:00:34]} Nf6 {[%emt 0:00:10]} 8. e5 {[%emt 0:01:25]} dxe5 {[%emt 0:03:29]} 9. Qxd8+ {[%emt 0:00:18]} Nxd8 {[%emt 0:00:32]} 10. Nxe5 {[%emt 0:00:07]} e6 {[%emt 0:05:43]} 11. Rd1 {[%emt 0:06:59]} Be7 {[%emt 0:00:56]} 12. Bg5 {[%emt 0:01:42]} Nd7 {[%emt 0:10:29]} 13. Bxe7 {[%emt 0:03:33]} Kxe7 {[%emt 0:01:05]} 14. Nd3 {[%emt 0:02:09]} b5 {[%emt 0:06:28]} 15. Nxb5 {[%emt 0:15:45]} axb5 {[%emt 0:08:38]} 16. Bxb5 {[%emt 0:00:15]} Nb7 {[%emt 0:00:31]} 17. Nb4 {[%emt 0:05:10]} Na5 {[%emt 0:05:21]} 18. Rac1 {[%emt 0:01:28]} Ra7 {[%emt 0:02:16]} 19. a3 {[%emt 0:08:36]} Rd8 {[%emt 0:02:15]} 20. Rc3 {[%emt 0:04:18]} Nb6 {[%emt 0:03:23]} 21. Rdc1 {[%emt 0:03:19]} Bd7 {[%emt 0:00:43]} 22. Rc5 {[%emt 0:01:52]} Nb3 {[%emt 0:02:41]} 23. Rc7 {[%emt 0:06:25]} Rxc7 {[%emt 0:00:21]} 24. Rxc7 {[%emt 0:00:05]} Kd6 {[%emt 0:00:39]} 25. Rc3 {[%emt 0:01:23]} Bxb5 {[%emt 0:06:38]} 26. Rxb3 {[%emt 0:00:34]} Rc8 {[%emt 0:03:01]} 27. Na2 {[%emt 0:03:28]} Bc4 {[%emt 0:01:02]} 28. Rxb6+ {[%emt 0:00:11]} Kc7 {[%emt 0:00:06]} 29. Rb4 {[%emt 0:00:16]} Bxa2 {[%emt 0:00:07]} 30. f3 {[%emt 0:03:49]} Rb8 {[%emt 0:02:04]} 31. Rf4 {[%emt 0:01:35]} f5 {[%emt 0:03:36]} 32. b4 {[%emt 0:00:20]} Ra8 {[%emt 0:00:31]} 33. g4 {[%emt 0:02:01]} g5 {[%emt 0:00:41]} 34. Rd4 {[%emt 0:00:44]} Rxa3 {[%emt 0:00:07]} 35. gxf5 {[%emt 0:01:03]} exf5 {[%emt 0:00:13]} 36. Kf2 {[%emt 0:00:37]} f4 {[%emt 0:02:44]} 37. h4 {[%emt 0:01:38]} h6 {[%emt 0:00:24]} 38. b5 {[%emt 0:06:43]} Re3 {[%emt 0:05:29]} 39. b6+ {[%emt 0:09:17]} Kxb6 {[%emt 0:00:24]} 40. Rd6+ {[%emt 0:00:05]} Kc5 {[%emt 0:00:04]} 41. Rxh6 {[%emt 0:30:07]} Bd5 {[%emt 0:30:14]} 42. hxg5 {[%emt 0:00:23]} Rxf3+ {[%emt 0:00:05]} 43. Ke1 {[%emt 0:00:28]} Rg3 {[%emt 0:00:59]} 44. Rf6 {[%emt 0:00:21]} f3 {[%emt 0:00:15]} 45. g6 {[%emt 0:00:06]} Kd4 {[%emt 0:00:25]} 46. Kf2 {[%emt 0:00:34]} Rg2+ {[%emt 0:00:12]} 47. Kf1 {[%emt 0:00:10]} Be4 {[%emt 0:00:32]} 48. Rd6+ {[%emt 0:00:59]} Ke3 {[%emt 0:00:13]} 49. Re6 {[%emt 0:00:09]} Rxg6 {[%emt 0:00:17]} 0-1

[Event "LTU-ch Women 2020"]
[Site "Vilnius"]
[Date "2020.11.24"]
[Round "6.3"]
[White "Ravlusevic, Evelina"]
[Black "Maciulaityte, Barbora"]
[Result "1-0"]
[WhiteElo "1581"]
[BlackElo "1696"]
[Annotator "NA"]
[PlyCount "91"]
[EventDate "2020.11.20"]
[EventType "swiss"]
[EventCountry "LTU"]
[SourceTitle "playchess.com"]
[Source "ChessBase"]
[SourceQuality "1"]
[TimeControl "40/5400+30:1800+30"]

1. d4 {[%emt 0:02:49]} d5 {[%emt 0:01:03]} 2. Bg5 {[%emt 0:00:34]} g6 {[%emt 0:05:26]} 3. e3 {[%emt 0:15:12]} Bg7 {[%emt 0:00:53]} 4. Nf3 {[%emt 0:06:04]} Nf6 {[%emt 0:00:57]} 5. Bd3 {[%emt 0:04:12]} c5 {[%emt 0:01:25]} 6. c3 {[%emt 0:04:02]} O-O {[%emt 0:03:47]} 7. Nbd2 {[%emt 0:11:27]} b6 {[%emt 0:05:04]} 8. dxc5 {[%emt 0:08:52]} bxc5 {[%emt 0:01:05]} 9. e4 {[%emt 0:04:08]} Bb7 {[%emt 0:13:43]} 10. Bxf6 {[%emt 0:00:46]} Bxf6 {[%emt 0:01:18]} 11. exd5 {[%emt 0:03:20]} Bxd5 {[%emt 0:06:46]} 12. Be4 {[%emt 0:07:27]} Nc6 {[%emt 0:06:38]} 13. Qc2 {[%emt 0:03:17]} e6 {[%emt 0:07:40]} 14. O-O {[%emt 0:00:37]} Qb6 {[%emt 0:02:56]} 15. Rfd1 {[%emt 0:03:48]} Rab8 {[%emt 0:03:43]} 16. Bxd5 {[%emt 0:06:45]} exd5 {[%emt 0:00:07]} 17. Rab1 {[%emt 0:00:14]} Rfe8 {[%emt 0:16:47]} 18. Nb3 {[%emt 0:01:53]} Rbd8 {[%emt 0:00:57]} 19. Qd2 {[%emt 0:02:50]} a5 {[%emt 0:02:13]} 20. Qf4 {[%emt 0:01:56]} Bg7 {[%emt 0:01:59]} 21. Nbd2 {[%emt 0:03:40]} Re2 {[%emt 0:02:02]} 22. Ng5 {[%emt 0:01:19]} f6 {[%emt 0:01:08]} 23. Qf3 {[%emt 0:00:58]} Re7 {[%emt 0:03:16]} 24. Nh3 {[%emt 0:00:22]} Ne5 {[%emt 0:00:35]} 25. Qg3 {[%emt 0:01:19]} Rde8 {[%emt 0:00:39]} 26. Nb3 {[%emt 0:01:33]} Nc4 {[%emt 0:01:22]} 27. Qd3 {[%emt 0:01:06]} Qc6 {[%emt 0:02:33]} 28. g3 {[%emt 0:01:03]} a4 {[%emt 0:00:50]} 29. Na1 {[%emt 0:00:46]} g5 {[%emt 0:02:05]} 30. Nc2 {[%emt 0:00:21]} Re2 {[%emt 0:01:56]} 31. b3 {[%emt 0:01:04]} Nb6 {[%emt 0:03:14]} 32. Ne3 {[%emt 0:00:31]} Rxa2 {[%emt 0:00:39]} 33. bxa4 {[%emt 0:00:39]} c4 {[%emt 0:00:50]} 34. Qd4 {[%emt 0:00:34]} Nxa4 {[%emt 0:00:08]} 35. Nf5 {[%emt 0:00:50]} Qe6 {[%emt 0:01:01]} 36. Nxg7 {[%emt 0:00:42]} Kxg7 {[%emt 0:00:01]} 37. Nxg5 {[%emt 0:00:30]} Qf5 {[%emt 0:00:40]} 38. Qa7+ {[%emt 0:00:52]} Kh6 {[%emt 0:00:16]} 39. Nf7+ {[%emt 0:00:17]} Kg6 {[%emt 0:00:31]} 40. Nd6 {[%emt 0:00:16]} Qe6 {[%emt 0:01:10]} 41. Nxe8 {[%emt 0:30:50]} Qxe8 {[%emt 0:00:59]} 42. Qd4 {[%emt 0:00:00]} Qe2 {[%emt 0:01:34]} 43. Rf1 {[%emt 0:00:00]} Rd2 {[%emt 0:02:51]} 44. Qf4 {[%emt 0:00:00]} Nxc3 {[%emt 0:02:41]} 45. Rbe1 {[%emt 0:00:00]} Qh5 {[%emt 0:04:48]} 46. Qxd2 1-0

[Event "LTU-ch Women 2020"]
[Site "Vilnius"]
[Date "2020.11.24"]
[Round "6.4"]
[White "Saumanaite, Skaiste"]
[Black "Sitkauskaite, Ieva"]
[Result "1-0"]
[WhiteElo "2033"]
[BlackElo "1367"]
[Annotator "ChessBase"]
[PlyCount "83"]
[EventDate "2020.11.20"]
[EventType "swiss"]
[EventCountry "LTU"]
[SourceTitle "playchess.com"]
[Source "ChessBase"]
[SourceQuality "1"]
[TimeControl "40/5400+30:1800+30"]

1. d4 {[%emt 0:00:00]} Nf6 {[%emt 0:00:00]} 2. c4 {[%emt 0:00:00]} e6 {[%emt 0:00:00]} 3. Nf3 {[%emt 0:00:12]} Bb4+ {[%emt 0:00:29]} 4. Bd2 {[%emt 0:00:08]} a5 {[%emt 0:01:59]} 5. Qc2 {[%emt 0:01:06]} O-O {[%emt 0:02:36]} 6. g3 {[%emt 0:00:03]} d6 {[%emt 0:04:29]} 7. Bg2 {[%emt 0:00:30]} Nbd7 {[%emt 0:02:05]} 8. e4 {[%emt 0:02:51]} Bxd2+ {[%emt 0:05:35]} 9. Nbxd2 {[%emt 0:00:06]} e5 {[%emt 0:00:39]} 10. d5 {[%emt 0:01:05]} Nc5 {[%emt 0:04:12]} 11. O-O {[%emt 0:00:47]} Nh5 {[%emt 0:04:27]} 12. Nh4 {[%emt 0:03:31]} g6 {[%emt 0:07:38]} 13. Bf3 {[%emt 0:36:57]} Ng7 {[%emt 0:04:26]} 14. Bg2 {[%emt 0:09:35]} f5 {[%emt 0:08:14]} 15. exf5 {[%emt 0:00:07]} Nxf5 {[%emt 0:10:03]} 16. Nxf5 {[%emt 0:00:04]} Bxf5 {[%emt 0:00:09]} 17. Ne4 {[%emt 0:00:27]} Qe7 {[%emt 0:08:59]} 18. b3 {[%emt 0:00:42]} Bxe4 {[%emt 0:06:09]} 19. Bxe4 {[%emt 0:00:04]} Nxe4 {[%emt 0:00:05]} 20. Qxe4 {[%emt 0:00:06]} Qf6 {[%emt 0:00:22]} 21. Kg2 {[%emt 0:02:48]} Rf7 {[%emt 0:09:03]} 22. Rae1 {[%emt 0:00:14]} Raf8 {[%emt 0:01:48]} 23. f4 {[%emt 0:05:13]} Qf5 {[%emt 0:11:01]} 24. Qxf5 {[%emt 0:02:16]} Rxf5 {[%emt 0:00:19]} 25. fxe5 {[%emt 0:00:08]} Rxf1 {[%emt 0:01:23]} 26. Rxf1 {[%emt 0:00:04]} Rxf1 {[%emt 0:00:13]} 27. Kxf1 {[%emt 0:00:03]} dxe5 {[%emt 0:00:24]} 28. Ke2 {[%emt 0:00:36]} Kf7 {[%emt 0:00:26]} 29. Ke3 {[%emt 0:00:09]} Kf6 {[%emt 0:04:28]} 30. Ke4 {[%emt 0:00:06]} h6 {[%emt 0:01:26]} 31. a3 {[%emt 0:00:21]} h5 {[%emt 0:01:35]} 32. h3 {[%emt 0:01:59]} c6 {[%emt 0:00:34]} 33. dxc6 {[%emt 0:00:56]} bxc6 {[%emt 0:00:08]} 34. b4 {[%emt 0:00:01]} axb4 {[%emt 0:00:29]} 35. axb4 {[%emt 0:00:04]} Ke6 {[%emt 0:00:37]} 36. b5 {[%emt 0:00:33]} c5 {[%emt 0:00:37]} 37. b6 {[%emt 0:00:36]} Kd6 {[%emt 0:00:08]} 38. b7 {[%emt 0:00:03]} Kc7 {[%emt 0:00:06]} 39. b8=Q+ {[%emt 0:00:59]} Kxb8 {[%emt 0:00:06]} 40. Kxe5 {[%emt 0:00:02]} Kb7 {[%emt 0:00:42]} 41. Kd5 {[%emt 0:30:09]} g5 {[%emt 0:05:39]} 42. Kxc5 {[%emt 0:00:00]} 1-0